| 000 | 00613nam a22001817a 4500 | ||
|---|---|---|---|
| 005 | 20241113141036.0 | ||
| 008 | 211025b mx ||||| |||| 00| 0 spa d | ||
| 020 | _a97860722936 | ||
| 050 | 0 | 4 |
_aF1232.V36 _bA48 2010 |
| 100 | 1 |
_aAguirre, Eugenio, _d1944-, |
|
| 245 | 1 | 0 |
_aLeona Vicario, La insurgente _c/ Eugenio Aguirre. |
| 250 | _a1a ed. | ||
| 260 |
_aMéxico, D.F. : _bEditorial Planeta Mexicana : _bBooket, _c 2010. |
||
| 300 |
_a171 p. ; _c19 cm. |
||
| 600 | 1 |
_aVicario, Leona, _d1789-1842 _vNovela |
|
| 651 | 7 |
_2Lemb _xHistoria _aMéxico _yGuerra de independencia, 1810-1821 _vNovela |
|
| 942 |
_2lcc _cLIB |
||
| 999 |
_c158342 _d158340 |
||